Statistics for Movie Studios

Click here to take the quiz!

General Stats

  • This quiz has been taken 144 times
  • The average score is 8 of 20

Answer Stats

Hint Answer % Correct
Chronicles of Narnia (franchise)Walt Disney Studios
87%
Toy Story (franchise)Pixar Studios
86%
Star Wars (franchise)20th Century Fox
74%
Back to the Future (franchise)Universal Studios
73%
The Godfather (franchise)Paramount Pictures
71%
Shrek (franchise)Dreamworks SKG
66%
Singin' in the RainMGM Studios
64%
CasablancaWarner Brothers
62%
Groundhog DayColumbia Pictures
57%
Spiderman (franchise)Sony Pictures
46%
Rocky (franchise)United Artists
28%
Jerry MaguireTriStar Pictures
27%
Finding NeverlandMiramax Films
24%
Mighty Joe YoungRKO Radio Pictures
23%
The NotebookNew Line Cinema
18%
The Silence of the LambsOrion Pictures
18%
The Shawshank RedemptionCastle Rock Entertainment
7%
The Quiet ManRepublic Pictures
4%
Super Size MeSamuel Goldwyn
3%
Our Gang (franchise)Hal Roach Studios
3%

Score Distribution

Percentile by Number Answered

Percent of People with Each Score

Your Score History

You have not taken this quiz